000 00446nam a2200157 4500
001 145091
003 ES-MaACL
005 20230906201149.0
007 t|
008 070214q1948 sp r ||||1| spa d
100 1 _aSoto Fernández, Ramón.
_9107515
245 1 0 _aClave de las mitologías /
_cRamón Soto Fernández.
260 _aMonforte (Lugo) :
_bEd. Ydyr,
_c[1948?]
300 _a16 p. ;
_c21 cm.
852 _aES-MaACL
_j1653-F-5
_bR.26375
999 _c145091
_d145091